Phrases cultes: les mots de la vie - Statistiques

Statistiques générales
  • Ce quiz a été pris 156 fois
  • Le résultat moyen est 5 sur 10
Statistiques - réponses
Citations Indices Personne l'ayant prononcée % Correct
Je crois aux forces de l'esprit et ne vous quitterai pas. Derniers vœux de fin d'année le 31 décembre 1994, après quatorze années de présidence François Mitterrand
83%
On ne naît pas femme, on le devient. Cette phrase est tirée de son ouvrage Le Deuxième Sexe, un condensé de revendications féministes Simone de Beauvoir
83%
L'enfer, c'est les autres. Derniers mots de la pièce de théâtre Huis clos, jouée sous l'occupation, qui traite de l'existentialisme Jean-Paul Sartre
79%
Si j'ai l'occasion, j'aimerais mourir de mon vivant. Humoriste très apprécié des Français des années 1970 à 90, il y a un paradoxe dans ses mots Coluche
77%
Il s'agissait d'une "relation inappropriée". En septembre 2011, une affaire sexuelle éclate, impliquant le candidat socialiste aux présidentielles Dominique Strauss-Kahn
61%
Fais les valises, on rentre à Paris. Le premier secrétaire du parti communiste en 1978 traite sa femme comme une domestique Georges Marchais
40%
Que d'eau, que d'eau ! Le Président de la République constate avec ces mots, les dégâts de la crue de la Garonne en 1875 Patrice de Mac Mahon
35%
Souvent femme varie, bien fol est celui qu'y s'y fie. Moment de déprime au château de Chambord vers 1520, le roi incise ces mots sur un vitrail François Ier
24%
Notre boulot, c'est de vendre à Coca-Cola du temps de cerveau humain disponible. En 2004, le patron de TF1, veut capter l'auditoire pour que les publicités rentrent dans l'esprit de chacun Patrick Le Lay
18%
Enrichissez-vous. En 1840, le premier ministre de Louis-Philippe s'adresse aux plus riches, aux entrepreneurs François Guizot
11%
Aucun quiz correspondant
Distribution des résultats
% des personnes avec chaque résultat
Percentile par nombre de réponses
Votre historique - résultats
Vous n’avez pas pris ce quiz